[Event "Abakan Khakassia-ch"]
[Site "Abakan"]
[Date "2014.03.02"]
[Round "9"]
[White "Kirillov, Pavel"]
[Black "Kravshenko, Konstantin"]
[Result "1-0"]
[WhiteElo "2152"]
[BlackElo "2087"]
[PlyCount "69"]
[EventDate "2014.02.22"]
[EventType "swiss"]
[EventRounds "9"]
[EventCountry "RUS"]
[SourceTitle "CBM 159 Extra"]
[Source "ChessBase"]
[SourceDate "2014.04.24"]
[SourceVersion "1"]
[SourceVersionDate "2014.04.24"]
[SourceQuality "1"]

1. c4 e5 2. Nc3 Nf6 3. Nf3 Nc6 4. e3 h6 5. d4 exd4 6. exd4 d6 7. Be2 Bf5 8. d5 Ne5 9. Nd4 Bh7 10. 0-0 Be7 11. f4 Ned7 12. Bg4 0-0 13. Bf5 a5 14. Rf3 Re8 15. Be3 Bf8 16. Rh3 g6 17. Bc2 Bg7 18. Qd2 Ng4 19. f5 Nxe3 20. Rxe3 Qf6 21. Ndb5 Rxe3 22. Qxe3 Ne5 23. fxg6 Bxg6 24. Bxg6 Qxg6 25. Nxc7 Rc8 26. N3b5 Ng4 27. Qd2 Qe4 28. h3 Rxc7 29. Re1 Qxc4 30. Nxc7 Bd4+ 31. Kh1 Nf2+ 32. Kh2 Be5+ 33. Rxe5 dxe5 34. Qxf2 Qxc7 35. Qf6 1-0

[Event "Abakan Khakassia-ch"]
[Site "Abakan"]
[Date "2014.02.25"]
[Round "4"]
[White "Kirillov, Pavel"]
[Black "Sambursky, Vladimir"]
[Result "1-0"]
[WhiteElo "2152"]
[BlackElo "2213"]
[PlyCount "65"]
[EventDate "2014.02.22"]
[EventType "swiss"]
[EventRounds "9"]
[EventCountry "RUS"]
[SourceTitle "CBM 159 Extra"]
[Source "ChessBase"]
[SourceDate "2014.04.24"]
[SourceVersion "1"]
[SourceVersionDate "2014.04.24"]
[SourceQuality "1"]

1. c4 e5 2. Nc3 Nc6 3. g3 d6 4. Bg2 f5 5. d3 Nf6 6. e3 Be7 7. Nge2 0-0 8. 0-0 Qe8 9. Nd5 Bd8 10. b4 Nxd5 11. Bxd5+ Kh8 12. b5 Ne7 13. Bg2 Ng8 14. Nc3 c6 15. bxc6 bxc6 16. Qa4 Bd7 17. Rb1 Bb6 18. Ba3 Rf6 19. Rfe1 Rd8 20. Qd1 Qf7 21. Na4 Ba5 22. Bb4 Bc7 23. Bc3 Nh6 24. Rb7 Rc8 25. Rxa7 Rg6 26. c5 f4 27. exf4 exf4 28. Nb6 Bg4 29. Qb3 Be6 30. Rxe6 Rxe6 31. Nxc8 fxg3 32. hxg3 dxc5 33. Rxc7 1-0

[Event "Abakan Khakassia-ch"]
[Site "Abakan"]
[Date "2014.02.25"]
[Round "4"]
[White "Malyshev, Sergey"]
[Black "Kirillov, Pavel"]
[Result "1/2-1/2"]
[WhiteElo "2248"]
[BlackElo "2152"]
[PlyCount "58"]
[EventDate "2014.02.22"]
[EventType "swiss"]
[EventRounds "9"]
[EventCountry "RUS"]
[SourceTitle "CBM 159 Extra"]
[Source "ChessBase"]
[SourceDate "2014.04.24"]
[SourceVersion "1"]
[SourceVersionDate "2014.04.24"]
[SourceQuality "1"]

1. e4 e5 2. Nf3 Nf6 3. Nxe5 d6 4. Nf3 Nxe4 5. Qe2 Qe7 6. d3 Nf6 7. Bg5 Nbd7 8. Nc3 Qxe2+ 9. Bxe2 c6 10. 0-0 h6 11. Bxf6 Nxf6 12. d4 Be6 13. Rfe1 0-0-0 14. Bd3 Bg4 15. Nd2 g6 16. h3 Be6 17. Nf3 Bd5 18. Nxd5 Nxd5 19. c3 Nf4 20. Rad1 Nxd3 21. Rxd3 Be7 22. Rde3 Bf6 23. Kf1 Kd7 24. Nd2 Bg5 25. R3e2 Bxd2 26. Rxd2 Rhe8 27. Rde2 Rxe2 28. Rxe2 Re8 29. Rxe8 Kxe8 1/2-1/2

[Event "Khakasia-ch"]
[Site "Abakan"]
[Date "2013.02.26"]
[Round "5"]
[White "Kirillov, Pavel"]
[Black "Kokov, Georgy"]
[Result "1-0"]
[WhiteElo "2156"]
[BlackElo "2029"]
[PlyCount "59"]
[EventDate "2013.02.22"]
[EventType "swiss"]
[EventRounds "9"]
[EventCountry "RUS"]
[SourceTitle "CBM 153 Extra"]
[Source "ChessBase"]
[SourceDate "2013.04.22"]
[SourceVersion "1"]
[SourceVersionDate "2013.04.22"]
[SourceQuality "1"]

1. e4 e5 2. Nf3 Nc6 3. d4 exd4 4. Bc4 Bb4+ 5. c3 dxc3 6. 0-0 d6 7. bxc3 Bc5 8. h3 h6 9. Nbd2 Nf6 10. Nb3 Bb6 11. a4 a6 12. Ba3 Nd7 13. a5 Ba7 14. Bd5 Nce5 15. Nbd4 0-0 16. Nf5 Nxf3+ 17. Qxf3 Ne5 18. Qg3 Bxf5 19. exf5 c6 20. Bb3 Qf6 21. Rad1 Rad8 22. Kh1 Bc5 23. Bb2 d5 24. c4 d4 25. Rfe1 Nd7 26. Re4 Bd6 27. f4 c5 28. Rdxd4 Qxf5 29. Rxd6 f6 30. Bc2 1-0

[Event "Khakasia-ch"]
[Site "Abakan"]
[Date "2013.02.25"]
[Round "4"]
[White "Tokmashov, Maxim"]
[Black "Kirillov, Pavel"]
[Result "0-1"]
[WhiteElo "1928"]
[BlackElo "2156"]
[PlyCount "84"]
[EventDate "2013.02.22"]
[EventType "swiss"]
[EventRounds "9"]
[EventCountry "RUS"]
[SourceTitle "CBM 153 Extra"]
[Source "ChessBase"]
[SourceDate "2013.04.22"]
[SourceVersion "1"]
[SourceVersionDate "2013.04.22"]
[SourceQuality "1"]

1. d4 Nf6 2. Nf3 c5 3. c3 d5 4. g3 e6 5. Bg2 Be7 6. 0-0 0-0 7. Nbd2 b6 8. Ne5 Bb7 9. Re1 Nbd7 10. Nxd7 Qxd7 11. dxc5 bxc5 12. Nf3 Bd6 13. Bf4 Rad8 14. Qc2 h6 15. Bxd6 Qxd6 16. Nd2 Qa6 17. Nb3 Qb6 18. c4 Rc8 19. e3 a5 20. Rab1 Rfd8 21. Red1 Qb4 22. Qd2 Qxc4 23. Nxa5 Qa6 24. Nxb7 Qxb7 25. b3 Qa7 26. Rbc1 Qa3 27. Rc2 Nd7 28. Qd3 Rc7 29. Qe2 Nb8 30. e4 d4 31. e5 Na6 32. Be4 Nb4 33. Rcd2 Ra7 34. Bb1 Nd5 35. Qd3 g6 36. Qc2 Nc3 37. Re1 Qa5 38. Qd3 Rd5 39. f4 Rb7 40. Rc1 Rdd7 41. Rf2 Qb4 42. Rff1 Ra7 0-1

[Event "Novokuznetsk Goryainov op"]
[Site "Novokuznetsk"]
[Date "2010.08.19"]
[Round "8"]
[White "Petrukhina, Irina"]
[Black "Kirillov, Pavel"]
[Result "1-0"]
[WhiteElo "2084"]
[BlackElo "2229"]
[PlyCount "101"]
[EventDate "2010.08.12"]
[EventType "swiss"]
[EventRounds "9"]
[EventCountry "RUS"]
[SourceTitle "CBM 138 Extra"]
[Source "ChessBase"]
[SourceDate "2010.10.29"]
[SourceVersion "1"]
[SourceVersionDate "2010.10.29"]
[SourceQuality "1"]

1. d4 Nf6 2. c4 c5 3. d5 b5 4. cxb5 a6 5. f3 d6 6. e4 g6 7. Na3 Bg7 8. Ne2 0-0 9. Nc3 Nbd7 10. Be2 Ne8 11. Be3 Nc7 12. Qd2 axb5 13. Naxb5 Nxb5 14. Nxb5 Qa5 15. Qxa5 Rxa5 16. Nc3 Ba6 17. Bxa6 Rxa6 18. Kd2 Rb8 19. Kc2 Ne5 20. b3 c4 21. Bd4 Rb4 22. Rad1 cxb3+ 23. axb3 Ra3 24. Bxe5 Bxe5 25. Rb1 Rb8 26. Ne2 Ra2+ 27. Kd3 Bb2 28. Nc1 Bxc1 29. Rhxc1 Rxg2 30. Rc2 Rxc2 31. Kxc2 Ra8 32. b4 Kf8 33. Kb3 Ke8 34. Rc1 Kd7 35. b5 Ra5 36. Kb4 Ra2 37. h3 Ra8 38. b6 Ra2 39. Rc7+ Kd8 40. Kb5 Ra3 41. Kc6 Rc3+ 42. Kb7 Rxf3 43. Rc8+ Kd7 44. Ra8 Rxh3 45. Ra7 Rb3 46. Ka8+ Kd8 47. b7 h5 48. b8Q+ Rxb8+ 49. Kxb8 h4 50. Kb7 g5 51. Kc6 1-0

[Event "Novokuznetsk Goryainov op"]
[Site "Novokuznetsk"]
[Date "2010.08.18"]
[Round "7"]
[White "Kirillov, Pavel"]
[Black "Postnikov, Alexey"]
[Result "1-0"]
[WhiteElo "2229"]
[BlackElo "1983"]
[PlyCount "47"]
[EventDate "2010.08.12"]
[EventType "swiss"]
[EventRounds "9"]
[EventCountry "RUS"]
[SourceTitle "CBM 138 Extra"]
[Source "ChessBase"]
[SourceDate "2010.10.29"]
[SourceVersion "1"]
[SourceVersionDate "2010.10.29"]
[SourceQuality "1"]

1. c4 e6 2. Nc3 d5 3. d4 Nf6 4. Nf3 Be7 5. Bf4 0-0 6. e3 c5 7. cxd5 Nxd5 8. Nxd5 Qxd5 9. Bd3 cxd4 10. exd4 Nc6 11. 0-0 Bf6 12. Qc2 Nxd4 13. Nxd4 Qxd4 14. Bxh7+ Kh8 15. Be3 Qxb2 16. Qc5 Rd8 17. Qh5 Qe5 18. Qh3 Qa5 19. Rac1 Bc3 20. Rxc3 Qxc3 21. Bg6+ Kg8 22. Qh7+ Kf8 23. Qh8+ Ke7 24. Bg5+ 1-0

[Event "Khakassia-ch op"]
[Site "Abakan"]
[Date "2010.02.21"]
[Round "2"]
[White "Guk, Evgeniy"]
[Black "Kirillov, Pavel"]
[Result "0-1"]
[WhiteElo "2118"]
[BlackElo "2229"]
[PlyCount "24"]
[EventDate "2010.02.20"]
[EventType "swiss"]
[EventRounds "9"]
[EventCountry "RUS"]
[SourceTitle "EXT 2023"]
[Source "ChessBase"]
[SourceDate "2022.10.05"]
[SourceVersion "1"]
[SourceVersionDate "2022.10.05"]
[SourceQuality "1"]

1. d4 Nf6 2. Nf3 c5 3. e3 d5 4. Nbd2 e6 5. c3 Nc6 6. Bd3 Bd6 7. 0-0 0-0 8. dxc5 Bxc5 9. e4 e5 10. h3 h6 11. Qe2 Nh5 12. Nb3 Ng3 0-1

[Event "Khakasia-ch"]
[Site "Abakan"]
[Date "2009.03.21"]
[Round "1"]
[White "Kirillov, Pavel"]
[Black "Butanaev, VV."]
[Result "1/2-1/2"]
[WhiteElo "2247"]
[BlackElo "1981"]
[PlyCount "75"]
[EventDate "2009.03.21"]
[EventType "tourn"]
[EventRounds "9"]
[EventCountry "RUS"]
[SourceTitle "EXT 2022"]
[Source "ChessBase"]
[SourceDate "2021.10.06"]
[SourceVersion "1"]
[SourceVersionDate "2021.10.06"]
[SourceQuality "1"]

1. d4 d5 2. c4 c6 3. Nc3 Nf6 4. cxd5 cxd5 5. Bg5 e6 6. e3 Nbd7 7. Bd3 Be7 8. Nf3 0-0 9. 0-0 Re8 10. Rc1 Nf8 11. Nb5 Bd6 12. Nxd6 Qxd6 13. Bf4 Qb4 14. Qe2 Ng6 15. Bg3 Ne4 16. Bxe4 dxe4 17. Ng5 b5 18. Qh5 h6 19. Nxf7 Kxf7 20. f3 Re7 21. fxe4+ Kg8 22. Qxg6 Bd7 23. Bh4 Be8 24. Bxe7 Qxe7 25. Qg3 Rd8 26. Rc7 Rd7 27. Rxd7 Bxd7 28. Qb8+ Kh7 29. Qxa7 Qe8 30. e5 Qc8 31. Rf7 Qc1+ 32. Kf2 Qd2+ 33. Kf3 Bc6+ 34. e4 Qd3+ 35. Kf2 Qd2+ 36. Kg1 Qe1+ 37. Rf1 Qxe4 38. Rf2 1/2-1/2

[Event "Sibiria Region-chT"]
[Site "Berdsk"]
[Date "2008.11.30"]
[Round "4"]
[White "Kirillov, Pavel"]
[Black "Kljucharev, Sergey"]
[Result "0-1"]
[WhiteElo "2249"]
[BlackElo "2407"]
[PlyCount "86"]
[EventDate "2008.11.28"]
[EventType "team-swiss"]
[EventRounds "7"]
[EventCountry "RUS"]
[SourceTitle "EXT 2010"]
[Source "ChessBase"]
[SourceDate "2010.11.25"]
[SourceVersion "1"]
[SourceVersionDate "2010.11.25"]
[SourceQuality "1"]

1. d4 d5 2. c4 e6 3. Nc3 Be7 4. Nf3 Nf6 5. Bf4 0-0 6. e3 c5 7. Bd3 Nc6 8. cxd5 exd5 9. dxc5 Bxc5 10. 0-0 h6 11. h3 Qe7 12. Rc1 Rd8 13. Na4 Bd6 14. Bxd6 Qxd6 15. Bb5 Ne5 16. Be2 Nxf3+ 17. Bxf3 d4 18. exd4 Qxd4 19. Nc5 Rb8 20. Qb3 Qf4 21. Rfd1 Rxd1+ 22. Rxd1 Qc7 23. Qb5 a6 24. Qb4 b6 25. Nb3 Be6 26. Rc1 Qe5 27. Nd4 Qf4 28. Rd1 a5 29. Qc3 Bd7 30. Ne2 Qa4 31. b3 Qb5 32. Rd6 Re8 33. Nd4 Qg5 34. Rxb6 Nd5 35. Bxd5 Qxd5 36. Nf3 Re2 37. a4 Qd1+ 38. Kh2 Rxf2 39. Qe3 Qc2 40. Ne1 Qc7+ 41. Kg1 Re2 42. Qxe2 Qxb6+ 43. Qf2 Qxb3 0-1

[Event "Abaza op"]
[Site "Abaza"]
[Date "2008.07.20"]
[Round "6"]
[White "Kirillov, Pavel"]
[Black "Sergeev, Albert"]
[Result "1/2-1/2"]
[WhiteElo "2227"]
[BlackElo "2379"]
[PlyCount "39"]
[EventDate "2008.07.20"]
[EventType "swiss"]
[EventRounds "9"]
[EventCountry "RUS"]
[SourceTitle "EXT 2022"]
[Source "ChessBase"]
[SourceDate "2021.10.06"]
[SourceVersion "1"]
[SourceVersionDate "2021.10.06"]
[SourceQuality "1"]

1. d4 d5 2. c4 e6 3. Nc3 c5 4. cxd5 cxd4 5. Qa4+ Bd7 6. Qxd4 exd5 7. Nxd5 Nc6 8. Qd3 Nf6 9. e4 Nb4 10. Nxb4 Bxb4+ 11. Bd2 Bxd2+ 12. Qxd2 Nxe4 13. Qb4 Qe7 14. Qxe7+ Kxe7 15. f3 Nd6 16. Bd3 Rac8 17. Ne2 Bf5 18. Bxf5 Nxf5 19. Nc3 Rhd8 20. 0-0 1/2-1/2

[Event "Abaza op"]
[Site "Abaza"]
[Date "2008.07.20"]
[Round "7"]
[White "Mokhov, Leonid"]
[Black "Kirillov, Pavel"]
[Result "0-1"]
[WhiteElo "2149"]
[BlackElo "2227"]
[PlyCount "60"]
[EventDate "2008.07.20"]
[EventType "swiss"]
[EventRounds "9"]
[EventCountry "RUS"]
[SourceTitle "EXT 2022"]
[Source "ChessBase"]
[SourceDate "2021.10.06"]
[SourceVersion "1"]
[SourceVersionDate "2021.10.06"]
[SourceQuality "1"]

1. d4 Nf6 2. Nf3 c5 3. c4 cxd4 4. Nxd4 e5 5. Nb5 d5 6. cxd5 Bc5 7. e3 0-0 8. N5c3 e4 9. Nd2 Bf5 10. Be2 Re8 11. Qa4 Nbd7 12. b4 Bf8 13. Bb2 a6 14. a3 Rc8 15. Rd1 Bd6 16. Qb3 Ne5 17. Nc4 Nxc4 18. Bxc4 Ng4 19. Be2 Qh4 20. Bxg4 Qxg4 21. Ne2 Bd7 22. a4 b5 23. a5 Rc4 24. Bc3 Rec8 25. Kd2 Qf5 26. Ke1 Qg6 27. h3 Qxg2 28. Kd2 Qxf2 29. Rdf1 Rxc3 30. Qxc3 Qxe2+ 0-1

[Event "Sibiria Region-ch"]
[Site "Novosibirsk"]
[Date "2003.??.??"]
[Round "3"]
[White "Kirillov, Pavel"]
[Black "Bykov, Mikhail"]
[Result "1-0"]
[WhiteElo "2150"]
[BlackElo "2258"]
[PlyCount "84"]
[EventDate "2003.05.??"]
[EventType "swiss"]
[EventRounds "9"]
[EventCountry "RUS"]
[SourceTitle "EXT 2008"]
[Source "ChessBase"]
[SourceDate "2007.11.25"]
[SourceVersion "1"]
[SourceVersionDate "2007.11.25"]
[SourceQuality "1"]

1. e4 g6 2. d4 Bg7 3. Nc3 d6 4. Nf3 Nf6 5. Be2 0-0 6. Bg5 c5 7. dxc5 Qa5 8. 0-0 Qxc5 9. Qd2 Nc6 10. h3 Be6 11. Rfe1 Rfd8 12. Be3 Qa5 13. Ng5 d5 14. exd5 Nxd5 15. Nxe6 fxe6 16. Nxd5 Qxd2 17. Bxd2 exd5 18. c3 e5 19. Bg5 Re8 20. Rad1 h6 21. Bh4 g5 22. Bg3 Rad8 23. Bh5 Rf8 24. Bg4 Rfe8 25. Bf5 Kf7 26. f3 Rd6 27. Re2 h5 28. Red2 Red8 29. h4 Bf6 30. hxg5 Bxg5 31. Re2 Kg7 32. Bc2 Kf6 33. Rde1 Bf4 34. Bxf4 exf4 35. Bb3 a6 36. Kh2 R8d7 37. Kh3 Rg7 38. Re8 Rg3+ 39. Kh2 Kf7 40. R1e2 Rd7 41. Ba4 Kf6 42. Bxc6 bxc6 1-0

[Event "RUS-ch54 sf Sibiria"]
[Site "Novosibirsk"]
[Date "2001.04.18"]
[Round "1"]
[White "Loskutov, Oleg"]
[Black "Kirillov, Pavel"]
[Result "1-0"]
[WhiteElo "2429"]
[BlackElo "2247"]
[PlyCount "57"]
[EventDate "2001.04.19"]
[EventType "swiss"]
[EventRounds "9"]
[EventCountry "RUS"]
[SourceTitle "CBM 082 Extra"]
[Source "ChessBase"]
[SourceDate "2001.07.03"]
[SourceVersion "1"]
[SourceVersionDate "2001.07.03"]
[SourceQuality "1"]

1. e4 Nf6 2. e5 Nd5 3. d4 d6 4. Nf3 Bg4 5. Be2 e6 6. c4 Nb6 7. 0-0 Be7 8. Nc3 0-0 9. Be3 Nc6 10. exd6 cxd6 11. d5 Bxf3 12. Bxf3 Ne5 13. b3 Nxf3+ 14. Qxf3 e5 15. Rfd1 f5 16. c5 e4 17. Qe2 dxc5 18. d6 Bf6 19. Rac1 Be5 20. Bxc5 Rf6 21. g3 Bxc3 22. Rxc3 Nd7 23. Bd4 Rg6 24. Qb5 Nf8 25. Qd5+ Ne6 26. d7 Kh8 27. Qxb7 Nxd4 28. Rxd4 Rb6 29. Qxa8 1-0

[Event "RUS-ch54 sf Sibiria"]
[Site "Novosibirsk"]
[Date "2001.04.??"]
[Round "3"]
[White "Kirillov, Pavel"]
[Black "Novikova, Anna"]
[Result "1-0"]
[WhiteElo "2247"]
[BlackElo "2203"]
[PlyCount "105"]
[EventDate "2001.04.19"]
[EventType "swiss"]
[EventRounds "9"]
[EventCountry "RUS"]
[SourceTitle "CBM 082 Extra"]
[Source "ChessBase"]
[SourceDate "2001.07.03"]
[SourceVersion "1"]
[SourceVersionDate "2001.07.03"]
[SourceQuality "1"]

1. e4 g6 2. d4 Bg7 3. Nc3 c6 4. Nf3 d5 5. Bg5 f6 6. Be3 Nh6 7. Qd2 Nf7 8. h3 0-0 9. Be2 Na6 10. exd5 cxd5 11. Bxa6 bxa6 12. 0-0 Nd6 13. b3 Nf5 14. Bf4 Be6 15. Na4 Bf7 16. Nc5 Re8 17. Rfe1 Qb6 18. Na4 Qc6 19. Re2 g5 20. Bh2 Nd6 21. Rae1 Ne4 22. Qa5 Rac8 23. c4 e6 24. c5 Qb5 25. b4 Re7 26. Qxb5 axb5 27. Nb2 h5 28. g4 hxg4 29. hxg4 f5 30. Nd3 fxg4 31. Nfe5 Bh5 32. Rc2 Bf8 33. Ra1 a6 34. a4 Be8 35. Nxg4 Bh5 36. Nge5 g4 37. Bf4 Kh7 38. Kg2 Kg8 39. axb5 axb5 40. Rh1 Rh7 41. Ra1 Bh6 42. Ra6 Rf8 43. Bxh6 Rxh6 44. c6 Nd6 45. c7 Nc4 46. Rc6 Rc8 47. Nf4 Nxe5 48. dxe5 Bg6 49. Rd6 Be4+ 50. Kg3 Bxc2 51. Rd8+ Kf7 52. Rxc8 Ke7 53. Rd8 1-0

[Event "RUS-ch54 sf Sibiria"]
[Site "Novosibirsk"]
[Date "2001.04.??"]
[Round "9"]
[White "Kirillov, Pavel"]
[Black "Popov, Roman"]
[Result "0-1"]
[WhiteElo "2247"]
[BlackElo "2321"]
[PlyCount "72"]
[EventDate "2001.04.19"]
[EventType "swiss"]
[EventRounds "9"]
[EventCountry "RUS"]
[SourceTitle "CBM 082 Extra"]
[Source "ChessBase"]
[SourceDate "2001.07.03"]
[SourceVersion "1"]
[SourceVersionDate "2001.07.03"]
[SourceQuality "1"]

1. e4 e6 2. d4 d5 3. Nc3 Nf6 4. e5 Nfd7 5. f4 c5 6. Nf3 Nc6 7. Be2 cxd4 8. Nxd4 Qb6 9. Nb3 Be7 10. a4 a6 11. a5 Qa7 12. h4 0-0 13. Kf1 f6 14. exf6 Nxf6 15. Bf3 Bd7 16. Qd3 Nb4 17. Qe2 Rac8 18. Be3 Qb8 19. Rd1 Bd6 20. g3 e5 21. fxe5 Bxe5 22. Kg2 Bf5 23. Bc5 Rfe8 24. Qf2 Bxc2 25. Bxb4 Bxb3 26. Rd2 d4 27. Ne2 Bd5 28. Nxd4 Ne4 29. Qe3 Bxd4 30. Rxd4 Qxg3+ 31. Kf1 Bc4+ 32. Rxc4 Rxc4 33. Be1 Nd2+ 34. Qxd2 Qxf3+ 35. Kg1 Rg4+ 36. Kh2 Re2+ 0-1